000 00439pab a2200169 454500
008 180718b2011 xxu||||| |||| 00| 0 eng d
100 _aGong, Ting
245 _aAn institutional turn in integrity management in China
260 _c2011
300 _ap.671-686.
362 _aDec
650 _aManagement - China
650 _aManagement
773 _aInternational Review of Administrative Sciences
908 _aN
909 _a95448
999 _c95448
_d95448